000
00220nam a2200109Ia 4500
100
_a
#N/A
942
_c
BK
654
_a
tool kit
245
_a
Complete Tool Kit for Businesses
260
_b
#N/A
_c
2003
546
_a
ENGLISH
999
_c
31652
_d
31652